| 000 | 00812nab a2200241u 4500 | ||
|---|---|---|---|
| 001 | 15765 | ||
| 003 | HDC | ||
| 007 | c| |||a|c|aaaa | ||
| 008 | 210218b20140428my ||||| |||| 00| 0 may d | ||
| 040 | _aHDC | ||
| 100 |
_aMohd Zaky Zainuddin / _eauthor _97645 |
||
| 245 | 0 |
_aUsahawan ditawar jadi francaisi KR1M / _cMohd Zaky Zainuddin |
|
| 336 |
_atext _2rdacontent |
||
| 337 |
_acomputer _2rdamedia |
||
| 338 |
_aonline resource _2rdacarrier |
||
| 650 |
_aKedai Rakyat 1Malaysia (KR1M) _915845 |
||
| 650 |
_asmall and medium enterprises _95226 |
||
| 710 | _aBERITA HARIAN | ||
| 856 | _zRequest full-text at [email protected] | ||
| 942 | _2lcc | ||
| 942 | _cNEWS | ||
| 942 | _kNWSC 003763 | ||
| 999 |
_c13081 _d13081 |
||